000 01478nam a2200277Ia 4500
003 PE SENCICO BE
005 20251124152004.0
008 200515s9999 xx 000 0 und d
020 _a84-329-2401-6
040 _aPE SENCICO BE
_cPE SENCICO BE
041 _aspa
082 _a526.9
_bV18O 1993
100 1 _aValdés Doménech, Francisco
_93283
_eautor
245 1 0 _aTopografía /
_cFrancisco Valdés Doménech
250 _a4a ed.
260 _aBarcelona :
_bediciones SAC ;
_c1993
300 _a352 páginas :
_bilustraciones, tablas, gráficos ;
_c24 cm.
490 _aBiblioteca CEAC del topógrafo
505 0 _aForma y elementos de la tierra -- Unidades de medida. Escalas -- Magnetismo terrestre -- El terreno y su representación -- Teoría elemental de errores -- Medida de ángulos -- Medición directa de distancias -- Medida indirecta de distancias -- Métodos planimétricos -- Intersección inversa -- Métodos elementales de determinación de puntos -- Nivelación geométrica -- Nivelación trigonométrica -- Nivelación barométrica -- Triangulación -- Taquimetría
520 3 _aSumamente provechoso para los principiantes en el arte de describir y representar los detalles y particularidades de la superficie del terreno, para los profesionales de la construcción.
650 1 0 _aTopografía
_94
650 2 0 _aMedición de distancias
_93260
650 2 0 _aNivelaciones topográficas
_93292
650 2 0 _aTaquimetría
_9912
942 _cLIB
_2ddc
999 _c513
_d513